| 000 | 00727nam a2200193 a 4500 | ||
|---|---|---|---|
| 008 | 200709s2014 ||||||||||||||||| || u | ||
| 020 | _a9781107687561 | ||
| 050 | _aQB 43.3 Pas | ||
| 100 | _aPasachoff, Jay M | ||
| 245 | 1 | 4 |
_aThe cosmos : astronomy in the millennium _cBy Jay M. Pasachoff and Alex Filippenko |
| 250 | _a4th edition | ||
| 260 |
_aNew York _bCambridge University Press _c2014 |
||
| 300 | _axxiii, 599 pages : illustrations | ||
| 650 | _aASTRONOMY | ||
| 650 | _aLIFE ON OHER PLANETS | ||
| 650 | _aCOSMOLOGY | ||
| 700 | _aFilippenko, Alex | ||
| 995 |
_D74.36 _FCBU-MAIN LIBRARY (Kitwe) _M1 _UAVAILABLE _WJul 16, 2020 _ZMain Library Open Access Collection |
||
| 999 |
_c38955 _d38955 |
||